000
00343nam a2200133 a 4500
005
20140414132100.0
008
100702s19uu xx 00 eng d
050
_a
TR 741
_b
J75 2004
245
_a
Jolly dot to dot.
260
_a
Malaysia :
_b
Little Sun Sdn. Bhd.
440
_a
Kindergarten series
650
_a
Activity book
999
_c
114447
_d
114447